| 000 | 00426cam a2200181ua 4500 | ||
|---|---|---|---|
| 020 | _c7.50 | ||
| 041 |
_aeng _h |
||
| 082 |
_a530 _bARO/PR |
||
| 100 | _aArora, C L . | ||
| 245 |
_aPractical physics, Vol 2 & 3 / _cC L Arora. _hTextual Documents |
||
| 260 |
_aNew Delhi : _bS.Chand and Co , _c1966. |
||
| 300 | _a363 ; . | ||
| 365 | _a7.50 | ||
| 504 | _a | ||
| 650 | _aPhysics | ||
| 942 | _cBK | ||
| 999 |
_c4677 _d4677 |
||